| 000 | 00462nam a2200193Ia 4500 | ||
|---|---|---|---|
| 008 | 170918s9999 xx 000 0 und d | ||
| 020 | _a9780590449229 | ||
| 050 | _bB562 1993 | ||
| 100 | _aBetancourt, Jeanne | ||
| 245 | _aMy name is Brain Brian / | ||
| 245 | _cJeanne Betancourt. | ||
| 260 | _aNew York : | ||
| 260 | _bScholastic, | ||
| 260 | _c1993 | ||
| 300 | _a128 pages : | ||
| 300 | _bcolored illustration ; | ||
| 300 | _c19cm. | ||
| 500 | _a700 | ||
| 999 |
_c342054 _d342054 |
||